Language Quiz

Random Language or French Quiz

Same Language Match-Up Quiz Stats

 Plays Quiz Updated Aug 18, 2014

Support Sporcle.
Go Orange.
Score 0/16 Timer 06:00
3 Plays Today
% Correct
United States
96.2%
Mrs.
93%
Mister
92%
Water
85.6%
Germany
84.4%
Wonderful
84.1%
Bakery
74.6%
Cheese
74.4%
% Correct
Purple
72.6%
King
71.2%
Eighty
67.5%
City
62.9%
Car
57.5%
Newspaper
56.6%
Countryside
51.3%
Lunch
40.2%

You're not logged in!

Compare scores with friends on all Sporcle quizzes.
OR
Log In

From the Vault

'This' or 'That' Song Titles

by JoeBeta

You can get with this, or you can get with that.
Remove Ads.
Support Sporcle.
Get the best of Sporcle when you Go Orange. This ad-free experience offers more features, more stats, and more fun while also helping to support Sporcle. Thank you for becoming a member.

Show Comments

Extras

Top Quizzes Today


Score Distribution

Your Account Isn't Verified!

In order to create a playlist on Sporcle, you need to verify the email address you used during registration. Go to your Sporcle Settings to finish the process.

Report this User

Report this user for behavior that violates our Community Guidelines.

Details: